• 首页
  • 本馆介绍
  • 公告通知
  • 最新文献
  • 馆藏检索
  • 电子资源
  • 读者导购
  • 参考咨询
  • 我的图书馆
  • 登录
  • 详细信息显示
  • 放入我的书架
  • 预约/预借图书
  • 作者相关作品
  • 分类相关作品
  • 丛书相关作品
  • 出版社相关作品

书目信息

  • 表格格式
  • 工作单格式
  • 卡片格式
题名:
大学生入党必读
    
 
作者: 贾恭惠 主编
分册:  
出版信息: 北京   华文出版社  2004
页数: 280页
开本: 21cm
丛书名:
单 册:
中图分类: D261.42
科图分类:
主题词:
电子资源:
ISBN: 7-5075-1646-6
000 01150nam0 2200325 450
000 01113nam0 2200313 450
000 01088nam0 2200313 450
000 01051nam0 2200301 450
000 01080nam0 2200289 450
000 01043nam0 2200277 45
001 TS2006014620
005 20061208084352.75
010    @a7-5075-1646-6@dCNY18.00
092    @aCN@bTS01-015747
100    @a20060829d2004 em y0chiy0110 ea
101 0  @achi
102    @aCN@b110000
105    @ay z 000yy
200 1  @a大学生入党必读@Ada xue sheng ru dang bi du@f贾恭惠主编@FJia Gong Hui Zhu Bian
210    @a北京@c华文出版社@d2004
215    @a280页@d21cm
330    @a本书包括:伟大、光荣、正确的中国共产党,中国共产党的性质,中国共产党的指导思想,中国共产党的奋斗目标,中国共产党的根本宗旨,中国共产党的组织制度等10章。
601 02 @a中国共产党
601 02 @a中国共产党@x基本知识@x高等学校@x教材
690    @aD261.42@v4
701  0 @a贾恭惠@Ajia gong hui@f(1951~)@4主编
801  0 @aCN@b中图数据@c20061208
905    @a10447@dD261.42@e132
    
    大学生入党必读/贾恭惠主编.-北京:华文出版社,2004
    280页;21cm
    
    
    ISBN 7-5075-1646-6:CNY18.00
    本书包括:伟大、光荣、正确的中国共产党,中国共产党的性质,中国共产党的指导思想,中国共产党的奋斗目标,中国共产党的根本宗旨,中国共产党的组织制度等10章。
●
相关链接 在E读中查询图书 在五车中查询图书 在当当中查询图书 在豆瓣中查询图书


正题名:大学生入党必读     索取号:D261.42/132         预约/预借

序号 登录号 条形码 馆藏地/架位号 状态 备注
1 0603067   206030677   第一样本阅览室/ [索取号:D261.42/132] 在馆    
2 0603068   206030686   第一借阅区/ [索取号:D261.42/132] 在馆    
3 0603069   206030695   第一借阅区/ [索取号:D261.42/132] 在馆    
4 0603070   206030702   第一借阅区/ [索取号:D261.42/132] 在馆    
5 0603071   206030711   第一借阅区/ [索取号:D261.42/132] 在馆    
6 0603072   206030720   第一借阅区/ [索取号:D261.42/132] 在馆    
唐山师范学院图书馆 欢迎您!
大连网信软件有限公司© 版权所有